[Event "GMA, Wijk aan Zee NED"]
[Site "?"]
[Date "2003.??.??"]
[Round "7"]
[White "Anand,V"]
[Black "Ponomariov,R"]
[Result "1-0"]
[WhiteElo "2750"]
[BlackElo "2730"]
[PlyCount "67"]
[Annotator "Hathaway"]

1. e4 c5
{ Ponomariov is still new to the top-level tournaments, so I and the top GMs he faced at Wijk aan Zee are unfamiliar with him. Based on what I've seen of his style (which is Classical and generally cautious) I'd have expected 1. e4 e5. }
2. Nf3 Nc6 3. d4 cxd4 4. Nxd4 e5
{ This definately seems out of character for "Pono" "SuperMariov". }
5. Nb5 d6 6. N1c3 (6. c4 
{ is also pretty good, though it's not necessary to have another pawn controlling d5 and it might just provide a target for Black }) 6...a6 7. Na3 Nf6 8. Nc4
{ foregoes the pin on Nf6 (created by Bc1-g5) in order to reposition the knight. It also avoids the Pelikin Variation (8. Bg5 d5) . And, as the game shows, it's also a pawn sacrifice offer. }
 (8. Bg5 b5  (8...Be7 $11 
{ Fritz7 })  9. Bxf6  (9. Nd5 
{ is almost an implicit draw offer }
 9...Qa5+ 10. Bd2 Qd8 11. Bg5)  9...gxf6 10. Nd5 $14) 8...b5 9. Ne3 b4 (9...Be7 $11 
{ Fritz7 }) 10. Ncd5 Nxe4
{ Despite the open look of this position it seems Ponomariov is playing in a Classical way, hoping to control the center, developing pieces and grabbing Pe4. Each is separate positional aspects. Anand, on the other hand, is forced, by the nature of this variation, to play more dynamically; for best piece positions in the center, gambiting Pe4 and then utilizing those advantages forcefully. }
11. a3
{ When the opponent's position is open and full of weaknesses then it makes sense to open lines for your pieces to have greater general mobility, as long as it doesn't offer the opponent opportunities to just trade pieces. }
11...bxa3 (11...b3 $11 
{ Fritz7; though I don't know what Black has gained for his efforts if he just gives the pawn back }) 12. Rxa3
{ It's time to re-evaluate: Black has an extra pawn and apparently a safe king. White has a lead in development and can target Black's knights, Pa6 and perhaps square b6 is a good invasion point. It seems to me White's plan could be Ne3-c4, Bc1-e3-b6, Nd5-c7+ and combined with that dark-square play he might also be able to play Ra1-e3 or Qd1-f3 to have some activity on light squares. }
12...g6
{ Fritz7 suggests several good alternative moves which are quicker to develop and prepare O-O. }
 (12...Be7 
{ Fritz7 }) (12...Bb7 
{ Fritz7 }) 13. c3
{ Controlling d4 is good, but this blocks Ra3 from moving laterally. }
 (13. Nc4) 13...Bd7 $6 $14
{ Why not ...Bg7 or ...f7-f5? }
 (13...Bg7 14. Nc4 O-O 15. Ncb6 Rb8 16. Nxc8 Qxc8 17. Rxa6 
{ makes a lot more sense for Black, though he has to meet the immediate threat of Rxc6 }) 14. Nc4 $16 Rb8
{ Black is already compelled to offer Pa6 to prevent annihilation. }
15. Be3 (15. Rxa6 
{ is of course good, but the plan to invade on dark squares should be followed up quickly, before Black finds a way to force piece trades }) 15...f5 16. Bb6
{ This much has gone smoothly and Black couldn't resist much. Can Black walk away from that pressure and survive (...Qd8-h4) ? }
 (16. Rxa6 Kf7 17. Ncb6 
{ might be slightly awkward for White; apparently it's better to use Be3-b6 and keep Nc4 to defend Pb2 }) 16...Rxb6
{ a drastic measure, but perhaps correct. Now White will have a slight material advantage, but Black will keep his king safer. Does White take the material and then find he has no dynamic plan? I think Pa6 is still weak and might be captured and the imposing pawns Black has advanced will require some active piece support to be of much use. There is still "all to play for". }
 (16...Qh4 17. g3 Qg5  (17...Nxg3 18. fxg3 Qe4+ 19. Kf2 Qxh1 20. Nf6+ Kf7 21. Nxd7 Qxh2+ 22. Bg2 $18)  18. f3 $18 
{ Mark & Fritz7 }) 17. Ncxb6 $18 
{ according to Fritz7 }
 17...Bh6
{ threatening ...Bh6-d2+ to force White's king into a very awkward position, blocking Bf1 and terribly exposed to Black's pieces }
18. Bd3 (18. Nxd7 Kxd7 19. Bd3 $18 
{ Fritz7 }) 18...O-O 19. Bxe4
{ Evidently Anand thought Ne4 was as good as Bd3 would ever be and just made his king safer by eliminating the attacker, doubling Black's pawns in the process. }
19...fxe4 20. O-O (20. Nxd7 Qxd7 21. Rxa6 $18 
{ Fritz7 }) 20...Be6
{ He had to keep this piece on the board; it could be a crucial piece for an offensive aimed at g2. }
21. Rxa6 Qh4 22. Qe2 Nd8 23. Ra8 Kg7 24. g3 Bg4 (24...Qg5 25. Qxe4 
{ and White's pieces stay close to Black's, offering exchanges }
  (25. h4 Qf5 26. Nc7 
{ gets rid of Be6 }) )  (24...Qh3 25. Qxe4) 25. gxh4 $18 Bxe2 26. Rfa1
{ White has few worries now. Kg1 is pretty safe and it should be easier now to align pieces to force exchanges. }
26...g5 27. Nd7 $18
{ Fritz7 now sees a massive advantage for White. }
27...Rf5
{ Moving along the back rank would allow White to double rooks on the pinned Nd8, finally forcing trades. }
28. Rxd8 gxh4 29. Rg8+
{ When it rains it pours for Black. Here he'd hoped to have the g-file for himself, but White uses a neat tactic to grab it first. }
29...Kf7 (29...Kxg8 30. Ne7+ Kf7 31. Nxf5) 30. Ra7 Rf3
{ threatening Kxg8 }
31. N7f6+
{ White has encircled the Black king and is just trying to find that particular pattern which results in checkmate. }
31...Ke6 32. Re7+ Kf5 33. Ng4
{ threatening Nxh6# }
 (33. Ne8 Bg5 34. Nxd6+ Kg4 35. Rxe5 h6 36. Nxe4 Rd3 37. f3+ Rxf3 38. Nxg5 Rf1+ 39. Kg2 h3+ 40. Nxh3+ Kh4 41. Re4+ Kh5 42. Nhf4+ Rxf4 43. Nxf4+ Kh4 44. Nxe2+ Kh5 45. Ng3# 
{ Fritz7 }) 33...Bd2 34. Nge3+
{ Black is forced to trade to stave off checkmate. If 34...Bxe3 35. Nxe3+ Kf4  (35...Kf6 36. Nd5+ Kf5 37. Rf8+)  36.Rg4# }
1-0

[Event "GMA, Wijk aan Zee NED"]
[Site "?"]
[Date "2003.??.??"]
[Round "7"]
[White "Topalov,V"]
[Black "Karpov,An"]
[Result "1/2"]
[WhiteElo "2740"]
[BlackElo "2685"]
[PlyCount "138"]

1.d4 Nf6 2.c4 e6 3.Nc3 Bb4 4.Nf3 c5 5.g3 O-O 6.Bg2 cxd4 7.Nxd4 d5 8.cxd5 
Nxd5 9.Qb3 Qb6 10.Bxd5 exd5 11.Be3 Qa5 12.Rc1 Nc6 13.a3 Bxc3+ 14.Qxc3 Qa6 
15.Nxc6 Qxc6 16.Qxc6 bxc6 17.Kd2 Bd7 18.Rc3 Rfb8 19.b3 f6 20.Rd1 Rb7 21.Kc2 
a6 22.Bc5 Re8 23.e3 Bg4 24.Rd4 Re4 25.Rd2 Kf7 26.Bd4 Re6 27.a4 Rb8 28.Rc5 
Ke7 29.Ra5 Ra8 30.Kb2 Kd7 31.Ka3 R6e8 32.Rc5 Rab8 33.Rdc2 Rec8 34.Rc1 h5 
35.Ra5 Ra8 36.Rc2 Re8 37.h4 Bf3 38.Rac5 Rec8 39.Rd2 Kd6 40.Kb4 Rcb8+ 41.Kc3 
Rc8 42.b4 Kd7 43.Ra5 Re8 44.Kb2 Kc7 45.Rc5 Kd7 46.Bc3 Kd6 47.Ra5 Kc7 48.Kc1 
Re4 49.Bd4 R4e8 50.Rc5 Kd7 51.Rdc2 Rec8 52.Kd2 Rab8 53.Bc3 Re8 54.Ke1 Ra8 
55.Ra5 Kd6 56.Rd2 Kc7 57.Rd3 Re4 58.Bd4 R4e8 59.Kd2 Bg4 60.Rc5 Kd7 61.Rdc3 
Rec8 62.Ra5 Bf3 63.Bb6 Rcb8 64.Bc5 Re8 65.Rd3 Kc7 66.Bd4 Kd7 67.Bc3 Kc7 
68.Bb2 Re4 69.Bd4 R4e8 1/2

[Event "GMA, Wijk aan Zee NED"]
[Site "?"]
[Date "2003.??.??"]
[Round "7"]
[White "Radjabov,T"]
[Black "Ivanchuk,V"]
[Result "1/2"]
[WhiteElo "2620"]
[BlackElo "2695"]
[PlyCount "43"]

1.d4 d5 2.c4 c6 3.Nc3 Nf6 4.e3 a6 5.Nf3 b5 6.b3 Bf5 7.Bd3 e6 8.Bxf5 exf5 
9.O-O Bd6 10.Qc2 g6 11.Bd2 O-O 12.Rfc1 Nbd7 13.cxd5 cxd5 14.a4 b4 15.Ne2 
Rc8 16.Qd3 Qb6 17.Rc2 Qb7 18.Rac1 Nb6 19.Ne5 Rxc2 20.Rxc2 Rc8 21.f3 Nbd7 
22.Nxd7 1/2

[Event "GMA, Wijk aan Zee NED"]
[Site "?"]
[Date "2003.??.??"]
[Round "7"]
[White "Polgar,Ju"]
[Black "Kramnik,V"]
[Result "1/2"]
[WhiteElo "2700"]
[BlackElo "2805"]
[PlyCount "193"]

1.e4 c5 2.Nf3 Nc6 3.d4 cxd4 4.Nxd4 Nf6 5.Nc3 e5 6.Ndb5 d6 7.Bg5 a6 8.Na3 
b5 9.Nd5 Be7 10.Bxf6 Bxf6 11.c3 Rb8 12.Nc2 Bg5 13.a3 Ne7 14.Nxe7 Qxe7 15.Nb4 
Qd7 16.Bd3 O-O 17.O-O Qb7 18.a4 a5 19.Nd5 bxa4 20.Qxa4 Be6 21.Bc4 Qxb2 
22.Ra2 Qb7 23.Qxa5 Qc6 24.Ra4 Ra8 25.Qb5 Qxb5 26.Bxb5 Rxa4 27.Bxa4 Bxd5 
28.exd5 Ra8 29.Rb1 g6 30.Bc6 Ra3 31.c4 Rc3 32.g3 Rxc4 33.Rb8+ Kg7 34.Rb7 
Rc3 35.Be8 Rf3 36.Ba4 Ra3 37.Be8 Rf3 38.Ba4 e4 39.Kg2 Ra3 40.Be8 Rf3 41.Ba4 
Bd2 42.Rb3 Rf5 43.Bc6 Be1 44.Rb2 Bc3 45.Re2 Bd4 46.Bd7 Re5 47.Bc6 Re7 48.Ra2 
Bc5 49.Re2 h5 50.h4 Kf6 51.Ra2 Re5 52.Re2 Kg7 53.f4 Re7 54.Ra2 Kf6 55.Kf1 
Kf5 56.Kg2 Kg4 57.Ba4 Rb7 58.Bd1+ Kf5 59.Re2 e3 60.Kf3 Kf6 61.Rc2 Rb4 62.Be2 
Kg7 63.Rc1 Rb2 64.Rd1 Kf6 65.Rd3 Ke7 66.Rd1 Kd8 67.Ra1 Kd7 68.Rd1 Ra2 69.Bb5+ 
Kc7 70.Be2 f5 71.Rd3 Rd2 72.Rxd2 exd2 73.Bd1 Kb6 74.Ke2 Ka5 75.Bc2 Bg1 
76.Kxd2 Bh2 77.g4 Bxf4+ 78.Ke2 hxg4 79.h5 gxh5 80.Bxf5 Kb4 81.Bg6 h4 82.Bf5 
g3 83.Kf3 Kc4 84.Bh3 Be5 85.Ke4 Bf6 86.Bf1+ Kc3 87.Bg2 Kc4 88.Bf1+ Kc5 
89.Bg2 Be7 90.Bf1 Bd8 91.Bg2 Kc4 92.Bf1+ Kc3 93.Bg2 Kd2 94.Kf3 Kd3 95.Kg4 
Ke3 96.Kh3 Bf6 97.Bh1 1/2

[Event "GMA, Wijk aan Zee NED"]
[Site "?"]
[Date "2003.??.??"]
[Round "8"]
[White "Kramnik,V"]
[Black "Anand,V"]
[Result "1/2"]
[WhiteElo "2805"]
[BlackElo "2750"]
[PlyCount "102"]
[Annotator "Boris Alterman and Jason Doss"]

1. e4 e5 2. Nf3 Nf6 3. Nxe5 d6 4. Nf3 Nxe4 5. d4 d5 6. Bd3 Nc6 7. O-O Be7 8. c4
Nb4 9. Be2 O-O 10. Nc3 Bf5 11. a3 Nxc3 12. bxc3 Nc6 13. Re1 Re8 14. cxd5 Qxd5
15. Bf4 Rac8 16. h3 {An interesting novelty from Kramnik! h3 is useful in many
lines and Black now must decide  which piece to improve first! ...and it's not
such an easy task to do....} (16. c4 Qe4 17. Be3 Bf6 18. Ra2 b6 19. h3 Na5)
16... Bf6 (16... Bd6 {is less comfortable after..} 17. c4 Qe4 18. Be3 {
..and the threats c5 and d5 are very unpleasant !}) 17. Nh2 {
This is obviously a result of Kramnik's home preparation!
} 17... Qa5 (17...
Bh4 18. Ng4 Be4 19. Ne3 Qd8 20. Bg4 $16) (17... g5 18. Ng4 Bxg4 19. Bxg4 $16) (
17... Be4 18. Bg4 Ra8 (18... Bxg2 19. Bxc8 Rxc8 20. Qg4 {wins}) 19. Nf1 {
and Ne3 next ....Black's pieces now must retreat or "go home".
}) 18. Bd2 (18.
Qb3 Bxd4 19. cxd4 Nxd4 20. Qb2 Nc2 21. Nf3 {Nf3 still keeps some advantage for
white - typically in the middlegame two pieces are more active than a rook and
two pawns.  } 21... Rcd8 22. Red1 Nxa1 23. Rxa1 $14) 18... Rcd8 19. Bf3 h6 (
19... Ne7 20. Ng4 $1 (20. Bxb7 c5 {And black achieves good position.}) 20...
Bxg4 21. hxg4 {With a clear advantage for white ..... g5 is on the way!}) (
19... Rxe1+ 20. Qxe1 $14) 20. Ng4 Bxg4 (20... Bg5 21. Bxg5 hxg5 22. Ne3 $16)
21. hxg4 Bg5 22. Bxg5 hxg5 {This is a difficult move to assess - Now white can
very easily just improve the quality of his pieces ....regardless, this is a
difficult defensive position to be on the Black side of.  } 23. Rxe8+ Rxe8 24.
Qd3 Nd8 25. g3 $1 {White has a pleasant position with a small but significant
advantage .The Bishop in this position is much better than the knight .} 25...
c6 26. Kg2 Ne6 27. Rb1 Re7 $6 {The immediate Qc7 is better.} 28. c4 $1 Qc7 29.
Rh1 Nf8 30. Qf5 Rd7 31. d5 cxd5 32. Bxd5 Qd8 33. a4 b6 34. a5 $6 {
Here white misses an opportunity with...} (34. f4 $1 Qe7 35. fxg5 g6 36. Qf6
Qxf6 37. gxf6 Rd6 (37... g5 38. Re1 Rd6 39. Re7 Rxf6 40. Rxa7) 38. g5 $16)
34... bxa5 35. Ra1 Qf6 36. Rxa5 Rc7 $6 {A bit safer is...} (36... Qxf5 37. gxf5
Nh7 38. Rc5 Kf8 $1 (38... Nf6 39. Rc8+ Kh7 40. Bc6 Rd2 {
and Black has good counterplay to compensate.}) 39. Rc8+ Ke7 {
With a draw being the likely result.}) 37. Qxf6 $5 (37. Qe4 $1 {
It appears better to keep the Queens on the board!}) 37... gxf6 38. Kf3 Ne6 39.
Ke3 Kf8 40. f4 gxf4+ 41. gxf4 Nc5 42. Rb5 a6 (42... Ke7 43. Kd4 Kd6 44. Bxf7
$16) 43. Rb8+ Ke7 44. Ra8 $6 {
Attempting to create a positional zugzwang ...however after} (44. Rh8 $1 a5 (
44... Ne6 45. Bxe6 Kxe6 46. Kd4 $16) 45. Bxf7 a4 46. Bd5 Kd6 47. Rf8 $1 a3 48.
Ra8 {Black's position is very difficult to defend.}) 44... Kd6 45. Kf3 Ke7 {
White has achieved nothing with 44.Ra8. Kramnik would like to advance the King
to the Black King-side, however then Black's pieces become very active.} 46.
Kg3 Rd7 47. Rc8 Nd3 {The Knight is back in the game - White has no time to
create conjur up serious threats .} 48. Be4 Nb4 49. c5 (49. Bf5 Ra7 50. c5 a5
$1 {And Black has nothing to worry about! He has gradually created a balance
in the position.}) 49... Rd8 50. Rc7+ Rd7 51. Rc8 Rd8 {
An impressive defensive show from a difficult position performed by Anand!}
1/2-1/2

[Event "GMA, Wijk aan Zee NED"]
[Site "?"]
[Date "2003.??.??"]
[Round "8"]
[White "Ivanchuk,V"]
[Black "Topalov,V"]
[Result "1/2"]
[WhiteElo "2695"]
[BlackElo "2740"]
[PlyCount "83"]

1.e4 c5 2.Nf3 Nc6 3.Bb5 d6 4.Bxc6+ bxc6 5.O-O Bg4 6.d3 Nf6 7.Bg5 Nd7 8.Nbd2 
f6 9.Bh4 e5 10.Nc4 Be7 11.Ne3 Be6 12.c3 Rb8 13.b3 d5 14.Nd2 g6 15.Bg3 d4 
16.Nc2 g5 17.f3 Nf8 18.Be1 Ng6 19.Nc4 Qd7 20.Nb2 O-O 21.Na3 f5 22.Nac4 
g4 23.cxd4 cxd4 24.exf5 Rxf5 25.Bg3 Rbf8 26.Qe2 gxf3 27.Rxf3 Rxf3 28.gxf3 
Bd5 29.Nd2 Qf5 30.Nbc4 Bb4 31.Rf1 h5 32.h4 Kh7 33.Ne4 Be7 34.Qh2 Nf4 35.Bxf4 
exf4 36.Rf2 a5 37.Kf1 a4 38.bxa4 Bxc4 39.dxc4 Qa5 40.Rb2 Qxa4 41.Qe2 Qa3 
42.Rb7 1/2

[Event "GMA, Wijk aan Zee NED"]
[Site "?"]
[Date "2003.??.??"]
[Round "8"]
[White "Krasenkow,M"]
[Black "Polgar,Ju"]
[Result "1/2"]
[WhiteElo "2630"]
[BlackElo "2700"]
[PlyCount "47"]

1.d4 Nf6 2.Nf3 e6 3.c4 b6 4.Nc3 Bb7 5.a3 d5 6.cxd5 Nxd5 7.Qc2 Nxc3 8.bxc3 
Be7 9.e4 O-O 10.Bd3 c5 11.O-O Qc8 12.Qa2 Rd8 13.Bf4 Nc6 14.d5 Na5 15.c4 
b5 16.cxb5 exd5 17.exd5 c4 18.Be4 Bxd5 19.Rae1 Bxe4 20.Rxe4 Bf6 21.Be5 
Bxe5 22.Nxe5 Qb7 23.Nc6 Nxc6 24.bxc6 1/2